00409nam a2200145Ia 4500003000400000005001700004008004100021020001800062040000900080082002100089100002500110245006700135260005200202300000900254OSt20200610095507.0190216s9999||||xx |||||||||||||| ||und|| a9788130704166 coclc a396.20954bMIT/P aMitter, Dwarka Nath  0aThe Position Of Women In Hindu Law Vol 2 /cDwarka Nath Mitter bCosmos Bookhive Publishers,aNew Delhi:c2006. a707p